[Event "Match"]
[Site "www.echecsemail.com"]
[Date "2015.04.28"]
[Round "1"]
[White "Rindrandria"]
[Black "Ranjachess"]
[WhiteElo "1550"]
[BlackElo "1720"]
[Result "1-0"]
[Round "1"]
1.e3 d5
2.b3 Nb8c6
3.c3 Ng8f6
4.f3 e5
5.b4 b5
6.Bf1xb5 Bc8d7
7.Qd1a4 Nc6e7
8.Qa4a6 c6
9.Bb5e2 Ne7f5
10.g4 Nf5h4
11.Be2f1 e4
12.g5 Nf6h5
13.f4 Bf8d6
14.Bc1b2 O-O
15.Qa6e2 Qd8c8
16.Qe2xh5 Nh4f3
17.Ng1xf3 Bd7g4
18.Qh5h4 exf3
19.Bf1d3 g6
20.c4 Bg4h5
21.c5 Bd6e7
22.f5 a5
23.fxg6 fxg6
24.Kf2 axb4
25.Qh4d4 Kf7
26.Bd3f1 Be7xg5
27.h4 Bg5e7
28.Qd4g7 Ke8
29.Qg7xh7 Qc8d8
30.Bf1h3 Be7xh4
31.Kf1 Bh4f6
32.Bb2xf6 Rf8xf6
33.Qh7g8 Ke7
34.Qg8g7 Rf6f7
35.Qg7e5 Kf8
36.Bh3e6 Qd8f6
37.Qe5xf6 Rf7xf6
38.Be6h3 g5
39.Bh3d7 Bh5e8
40.d4 Kg7
41.Bd7h3 Be8g6
42.Kf2 Ra8h8
43.Nb1d2 Bg6e4
44.Bh3g4 Rh8a8
45.Rh1g1 Rf6h6
46.Bg4xf3 Ra8f8
47.Rg1xg5 Kh8
48.Ra1g1 Be4xf3
49.Nd2xf3 Rh6h2
50.Rg1g2 Rh2h7
51.Ke2 Rf8a8
52.Ke1 Ra8a3
53.Rg5e5 Rh7h3
54.Re5e8 Kh7
55.Nf3g5 Kg6
56.Ng5xh3 Kf5
57.Rg2f2 Kg4
58.Nh3f4 Ra3a7
59.Re8g8 Kf5
60.Nf4xd5 Ke4
61.Nd5xb4 Ra7b7
62.Rg8e8 Rb7e7
63.Re8xe7 
1-0

[Event "Match"]
[Site "www.echecsemail.com"]
[Date "2015.04.28"]
[Round "1"]
[White "Jafarhayder"]
[Black "Chtoubidou"]
[WhiteElo "1250"]
[BlackElo "1920"]
[Result "1-0"]
[Round "1"]
1.d4 d5
2.c4 Nb8c6
3.Nb1c3 dxc4
4.e3 e5
5.d5 Nc6e7
6.Bf1xc4 Ne7g6
7.Ng1f3 Ng8f6
8.a3 Bc8g4
9.h3 Bg4xf3
10.Qd1xf3 Bf8d6
11.e4 O-O
12.Bc1g5 Bd6e7
13.O-O h6
14.Bg5e3 a6
15.Ra1c1 b5
16.Bc4d3 Be7d6
17.Rc1c2 b4
18.axb4 Bd6xb4
19.Rf1c1 a5
20.Nc3b5 Ra8c8
21.Rc2xc7 { resign }
1-0

[Event "Match"]
[Site "www.echecsemail.com"]
[Date "2015.04.28"]
[Round "1"]
[White "Sunderland"]
[Black "Darknight"]
[WhiteElo "1540"]
[BlackElo "1740"]
[Result "1-0"]
[Round "1"]
1.Ng1f3 h6
2.g3 e6
3.Bf1g2 d5
4.d4 Ng8f6
5.Nb1d2 Bf8d6
6.O-O g5
7.c4 c6
8.b3 a6
9.Bc1b2 Qd8e7
10.c5 Bd6c7
11.b4 b5
12.a4 Bc8b7
13.axb5 cxb5
14.Nd2b3 Bb7c6
15.Nb3a5 Bc7xa5
16.Ra1xa5 Nf6g8
17.Nf3e5 Bc6b7
18.Qd1c2 Nb8d7
19.c6 Nd7xe5
20.cxb7 Qe7xb7
21.dxe5 Ng8e7
22.Bb2d4 Ne7c6
23.Qc2d2 Nc6xa5
24.bxa5 Qb7e7
25.Rf1c1 f5
26.Bd4c5 Qe7g7
27.Bc5d6 Ra8a7
28.Rc1c8 Kf7
29.Qd2c2 Kg6
30.Rc8c5 g4
31.Rc5c8 Rh8xc8
32.Qc2xc8 Ra7b7
33.Qc8xe6 Kh7
34.Bg2xd5 Rb7d7
35.Qe6e8  { time }
1-0

[Event "Match"]
[Site "www.echecsemail.com"]
[Date "2015.04.28"]
[Round "1"]
[White "Ztornad"]
[Black "Supernovae"]
[WhiteElo "1740"]
[BlackElo "1850"]
[Result "0-1"]
[Round "1"]
1.Nb1c3 d5
2.d4 Ng8f6
3.Ng1f3 Nb8c6
4.h3 g6
5.a3 Bf8g7
6.Nf3g5 O-O
7.Bc1f4 a6
8.e3 Rf8e8
9.Bf1d3 e5
10.dxe5 Nc6xe5
11.b3 Ne5xd3
12.Qd1xd3 Bc8f5
13.Qd3d2 d4
14.Nc3e2 dxe3
15.Qd2xd8 exf2
16.Kxf2 Ra8xd8
17.Ra1d1 Nf6e4
18.Ng5xe4 Bf5xe4
19.Ne2g3 Bg7d4
20.Kf1 Be4xc2
21.Rd1d2 Bc2xb3
22.Bf4xc7 Bb3c4
23.Ng3e2 Bc4xe2
24.Rd2xe2 Rd8c8
25.Re2xe8 Rc8xe8
26.Bc7a5 Re8e3
27.Ba5b4 a5
28.Bb4d6 Bd4b2
29.Bd6c5 Re3c3
30.Bc5f2 Bb2xa3
31.g4 Rc3c1
32.Bf2e1 Ba3b4
33.Ke2 Bb4xe1
34.Rh1xe1 Rc1xe1
35.Kxe1 Kf8
36.Kd2 Ke7
37.Kd3 Kd6
38.Kc4 Ke5
39.Kb5 Kf4
40.Kxa5 Kg3
41.Kb6 Kxh3
42.g5 Kg4
43.Kxb7 Kxg5
44.Kc6 h5
45.Kd5 Kf4
46.Kd4 Kf3
47.Kd3 { time. }
0-1

[Event "Match"]
[Site "www.echecsemail.com"]
[Date "2015.04.28"]
[Round "1"]
[White "Vinvangogh"]
[Black "Zazi"]
[WhiteElo "1550"]
[BlackElo "1580"]
[Result "0-1"]
[Round "1"]
1.e4 e5
2.Ng1f3 d5
3.Bf1b5 c6
4.Bb5a4 b5
5.Ba4b3 a5
6.Nf3xe5 f6
7.Ne5g4 a4
8.exd5 axb3
9.Qd1e2 Kd7
10.Ng4e5 fxe5
11.Qe2xe5 cxd5
12.Qe5xd5 Kc7
13.Qd5xb5 Qd8e7
14.Kd1 Ra8xa2
15.Qb5c4 Kd8
16.Nb1a3 Bc8a6
17.Rh1e1 Qe7xe1
18.Kxe1 Ba6xc4
19.d3 Bf8xa3
20.cxb3 Ra2xa1
21.Kd2 Ba3b4
22.Kc2 Bc4d5
23.g4 Ng8f6
24.Bc1g5 Nb8c6
25.Bg5d2 Nc6d4

0-1

[Event "Match"]
[Site "www.echecsemail.com"]
[Date "2015.04.28"]
[Round "1"]
[White "Gilliere"]
[Black "Darknight"]
[WhiteElo "1840"]
[BlackElo "1750"]
[Result "1-0"]
[Round "1"]
1.e4 e5
2.Ng1f3 d6
3.d4 exd4
4.Nf3xd4 a6
5.Nb1c3 c6
6.h3 Qd8e7
7.Nd4f3 h6
8.b3 d5
9.Qd1e2 Qe7b4
10.exd5 Ng8e7
11.Bc1d2 g6
12.dxc6 Nb8xc6
13.Nc3e4 Qb4b6
14.Ne4d6 Kd7
15.Nd6xf7 Rh8h7
16.Nf7e5 Ke8
17.Ne5xg6 a5
18.c3 Bc8d7
19.Ng6xf8 Kxf8
20.g4 Ra8e8
21.O-O-O Re8a8
22.Qe2e4 Rh7h8
23.Bd2e3 Qb6d8
24.Bf1b5 Qd8c8
25.Be3c5 Qc8e8
26.Bc5xe7 Qe8xe7
27.Qe4xe7 Kxe7
28.Rh1e1 Kd8
29.Bb5xc6 bxc6
30.Nf3e5 Rh8h7
31.Ne5xd7 Rh7xd7
32.Rd1xd7 Kxd7
33.Re1e4 Kd6
34.Kd2 Ra8d8
35.Re4d4 Kc7
36.Rd4xd8 Kxd8
37.Kd3 Kd7
38.Ke4 Ke6
39.f4 Kf6
40.a3 Ke6
41.a4 c5
42.f5 Kd6
43.f6 Ke6
44.f7 Kxf7
45.Kd5 Kf6
46.h4 Kg6
47.Kxc5  { time }
1-0

[Event "Eq:Slap Shot Mates-The League Of Gentlemen : "]
[Site "www.chess-mail.com"]
[Date "2015.04.28"]
[Round "1"]
[White "Geodad5"]
[Black "Dspillman"]
[WhiteElo "2190"]
[BlackElo "1620"]
[Result "1-0"]
[Round "1"]
1.e4 e5
2.Ng1f3 Nb8c6
3.d4 exd4
4.Nf3xd4 Nc6xd4
5.Qd1xd4 b6
6.Bc1e3 h6
7.Bf1c4 Qd8e7
8.O-O Bc8b7
9.Nb1c3 c5
10.Qd4d3 Ng8f6
11.f3 Qe7e5
12.f4 Qe5h5
13.Ra1d1 Bb7c6
14.h3 Bf8e7
15.e5 Nf6h7
16.Nc3d5 Ra8c8
17.Nd5xe7 Kxe7
18.Qd3d6 Kd8
19.f5 Rh8e8
20.e6 Rc8c7
21.Be3f4 Rc7b7
22.Qd6xc6 Qh5xf5
23.Rd1xd7 { resign }
1-0

[Event "Eq:Angels of Checkmate-Slap Shot Mates : "]
[Site "www.chess-mail.com"]
[Date "2015.04.28"]
[Round "1"]
[White "Leswamp"]
[Black "Generalfree"]
[WhiteElo "2410"]
[BlackElo "1800"]
[Result "1-0"]
[Round "1"]
1.d4 e6
2.e4 f6
3.Bf1d3 h5
4.e5 d6
5.Bd3g6 Kd7
6.Bc1f4 fxe5
7.dxe5 d5
8.Ng1f3 Ng8e7
9.Bg6f7 Ne7f5
10.Nf3g5 Rh8h6
11.Ng5xe6 Rh6xe6
12.Qd1xd5 Ke7
13.Bf4g5 Kxf7
14.Bg5xd8 Nb8d7
15.Bd8xc7 { resign }
1-0

[Event "Eq:chess tigers-La Taverne : "]
[Site "www.chess-mail.com"]
[Date "2015.04.28"]
[Round "1"]
[White "Guidom"]
[Black "Billyg"]
[WhiteElo "2080"]
[BlackElo "1620"]
[Result "1-0"]
[Round "1"]
1.e4 e5
2.Ng1f3 Bf8d6
3.Bf1c4 Ng8f6
4.d3 O-O
5.Bc1g5 h6
6.Bg5h4 a6
7.O-O b5
8.Bc4b3 g5
9.Nf3xg5 hxg5
10.Bh4xg5 Bd6e7
11.Qd1f3 Bc8b7
12.Bg5h6 Rf8e8
13.Qf3g3 Kh7
14.Qg3g7 { resign }
1-0

[Event "Tourn. n8046"]
[Site "www.chess-mail.com"]
[Date "2015.04.29"]
[Round "1"]
[White "Falcoale"]
[Black "Colchester"]
[WhiteElo "1840"]
[BlackElo "1850"]
[Result "0-1"]
[Round "1"]
1.e4 c6
2.d4 d5
3.e5 Bc8f5
4.Nb1c3 e6
5.Ng1f3 Bf8b4
6.Bc1d2 Ng8e7
7.a3 Bb4xc3
8.Bd2xc3 O-O
9.Bf1e2 Nb8d7
10.O-O Ne7g6
11.h3 Ng6f4
12.Bc3d2 Nf4xe2
13.Qd1xe2 c5
14.c3 cxd4
15.cxd4 Ra8c8
16.b4 Nd7b6
17.Bd2f4 Rc8c2
18.Qe2d1 Qd8c8
19.Nf3e1 Rc2c4
20.Ne1f3 h6
21.Nf3h4 Bf5c2
22.Qd1g4 Rc4xd4
23.Qg4g3 Kh8
24.Rf1c1 Rd4c4
25.Rc1e1 g5
26.Bf4xg5 hxg5
27.Qg3xg5 Rf8g8
28.Qg5h6 Bc2h7
29.Ra1c1 Qc8f8
30.Nh4f3 Qf8xh6
{ resign }
0-1

[Event "Tourn. n8108"]
[Site "www.chess-mail.com"]
[Date "2015.04.29"]
[Round "1"]
[White "Jaroslavpech"]
[Black "Cathar"]
[WhiteElo "2340"]
[BlackElo "2230"]
[Result "0-1"]
[Round "1"]
1.e4 c5
2.Ng1f3 Nb8c6
3.d4 cxd4
4.Nf3xd4 e5
5.Nd4b5 d6
6.c4 Bf8e7
7.Nb1c3 a6
8.Nb5a3 Bc8e6
9.Na3c2 Ra8c8
10.b3 Ng8f6
11.Bf1d3 O-O
12.Bc1b2 Nf6d7
13.O-O Nd7c5
14.Bd3e2 Be7g5
15.Ra1b1 g6
16.b4 Nc5d7
17.Qd1xd6 Bg5e7
18.Qd6d1 Nc6xb4
19.Nc2xb4 Be7xb4
20.Nc3d5 Bb4c5
21.Be2d3 Qd8h4
22.Qd1d2 f5
23.exf5 gxf5
24.Kh1 b5
25.f4 bxc4
 { time }
0-1

[Event "Tourn. n8133"]
[Site "www.chess-mail.com"]
[Date "2015.04.29"]
[Round "1"]
[White "Tomasseeber"]
[Black "Cathar"]
[WhiteElo "2240"]
[BlackElo "2230"]
[Result "1-0"]
[Round "1"]
1.Ng1f3 Ng8f6
2.h3 d5
3.c4 e6
4.d4 dxc4
5.e3 a6
6.a4 c5
7.Bf1xc4 Nb8c6
8.O-O cxd4
9.Nf3xd4 Bc8d7
10.b3 Bf8e7
11.Bc1a3 Be7xa3
12.Nb1xa3 Nc6xd4
13.Qd1xd4 Bd7c6
14.Qd4e5 Qd8b8
15.Qe5c5 Nf6d7
16.Qc5b4 Qb8e5
17.Bc4e2 Qe5g5
18.Qb4g4 Qg5xg4
19.Be2xg4 Bc6d5
20.b4 Ke7
21.Rf1c1 Rh8c8
22.Bg4e2 Kd8
23.Na3c4 Rc8c6
24.Nc4a5 Rc6xc1
25.Ra1xc1 Ra8c8
26.Rc1xc8 Kxc8
27.Na5c4 Kc7
28.g4 g5
29.f3 e5
30.Kf2 f6
31.Ke1 Nd7b6
32.Nc4b2 e4
33.fxe4 Bd5xe4
34.Kf2 Kc6
35.Be2f3 Kd5
36.a5 Nb6d7
37.Bf3e2 Nd7e5
38.b5 axb5
39.Be2xb5 Kc5
40.Bb5e2 Kb4
41.a6 b5
42.Nb2d3 Be4xd3
43.Be2xd3 Ne5xd3
44.Ke2 { resign }
1-0

[Event "Tourn. n8134"]
[Site "www.chess-mail.com"]
[Date "2015.04.29"]
[Round "1"]
[White "Olddog55"]
[Black "Easychess"]
[WhiteElo "1690"]
[BlackElo "1500"]
[Result "1-0"]
[Round "1"]
1.d4 d5
2.Ng1f3 Ng8f6
3.e3 g6
4.Bf1d3 Bf8g7
5.Nf3e5 O-O
6.f4 Nb8d7
7.g4 Nf6e4
8.O-O f6
9.Ne5c4 Nd7b6
10.Nc4a5 e5
11.c4 exd4
12.exd4 c6
13.c5 Nb6d7
14.f5 gxf5
15.gxf5 Rf8e8
16.Nb1c3 Nd7f8
17.Qd1g4 Ne4g5
18.h4 Ng5f7
19.Bc1d2 Kh8
20.Qg4h5 Qd8xa5
21.Qh5xf7 Bc8d7
22.h5 Qa5c7
23.h6 Qc7g3
24.Kh1 Qg3h3
25.Kg1 Qh3g3
26.Kh1 Qg3h3
27.Kg1 Qh3g3
{ time. }
1-0

[Event "Tourn. n8046"]
[Site "www.chess-mail.com"]
[Date "2015.04.29"]
[Round "1"]
[White "Amaya"]
[Black "Falcoale"]
[WhiteElo "1900"]
[BlackElo "1840"]
[Result "1-0"]
[Round "1"]
1.d4 Ng8f6
2.e3 b6
3.f4 Bc8b7
4.Ng1f3 e6
5.Nb1d2 Bf8b4
6.c3 Bb4e7
7.Bf1d3 c5
8.O-O d5
9.Nf3e5 c4
10.Bd3c2 Nb8c6
11.Qd1f3 O-O
12.a3 a5
13.Bc2b1 Nc6b8
14.e4 Nf6xe4
15.Nd2xe4 dxe4
16.Bb1xe4 Bb7xe4
17.Qf3xe4 Qd8d5
18.Qe4e2 Nb8c6
19.Qe2h5 Nc6xe5
20.fxe5 f5
21.Rf1f4 b5
22.Rf4f3 g6
23.Qh5h6 Rf8f7
24.Rf3h3 Be7f8
25.Qh6h4 Bf8e7
26.Bc1g5 Be7xg5
27.Qh4xg5 Qd5d7
28.Ra1f1 b4
29.axb4 axb4
30.Rh3g3 b3
31.h3 Ra8a2
32.Rf1f2 Ra2a1
33.Kh2 Ra1b1
34.h4 Qd7a4
35.h5 Qa4a1
36.Rg3h3 Rb1h1
37.Kg3 Rh1xh3
38.gxh3 Qa1g1
39.Rf2g2 Qg1e1
40.Kh2 Qe1e4
41.hxg6 hxg6
42.Qg5xg6 Kf8
43.Qg6g8 Ke7
44.Qg8g5 Kd7
45.d5 Qe4xe5
46.Kh1 Rf7h7
47.dxe6 Qe5xe6
48.Rg2d2 Kc6
49.Qg5g2 Kb6
50.Rd2e2 Rh7xh3
51.Kg1 Qe6h6
52.Qg2f2 Kc6
53.Qf2g2 Kd7
54.Qg2b7 Kd8
55.Qb7e7 Kc8
56.Qe7e8 Kb7
57.Re2e7 Kb6
58.Re7e6 Qh6xe6
59.Qe8xe6 { resign }
1-0

[Event "Tourn. n8093"]
[Site "www.chess-mail.com"]
[Date "2015.04.29"]
[Round "1"]
[White "Generalfree"]
[Black "Baachio"]
[WhiteElo "1820"]
[BlackElo "1960"]
[Result "0-1"]
[Round "1"]
1.e4 e6
2.Ng1f3 d5
3.exd5 exd5
4.d4 Bc8f5
5.Bf1d3 Bf5xd3
6.Qd1xd3 Ng8f6
7.Bc1g5 Bf8e7
8.Nb1c3 O-O
9.O-O-O Rf8e8
10.h3 c5
11.dxc5 Nb8d7
12.b4 h6
13.Bg5xf6 Nd7xf6
14.Nc3xd5 Nf6xd5
15.Qd3xd5 Qd8c7
16.Nf3e5 Be7f6
17.f4 Bf6xe5
18.fxe5 Re8xe5
19.Qd5d6 Qc7e7
20.Rd1d5 Qe7g5
21.Rd5d2 Ra8e8
22.Kb2 Re5e6
23.Rd2d5 Qg5xg2
24.Rh1h2 Re6xd6
25.Rh2xg2 Rd6xd5
26.c4 Rd5e5
{ resign }
0-1

[Event "Tourn. n8093"]
[Site "www.chess-mail.com"]
[Date "2015.04.29"]
[Round "1"]
[White "Baachio"]
[Black "Libiesse"]
[WhiteElo "1960"]
[BlackElo "1920"]
[Result "1/2-1/2"]
[Round "1"]
1.Ng1f3 d5
2.d4 e6
3.c4 c6
4.e3 Ng8f6
5.Nb1c3 Bf8b4
6.Bc1d2 O-O
7.Bf1d3 dxc4
8.Bd3xc4 Nb8d7
9.O-O Nf6d5
10.Nc3xd5 Bb4xd2
11.Qd1xd2 exd5
12.Bc4d3 Nd7f6
13.h3 Nf6e4
14.Qd2c2 f5
15.Ra1c1 Rf8f6
16.Nf3e5 Rf6h6
17.f3 Ne4g3
18.Rf1e1 f4
19.exf4 Bc8xh3
20.gxh3 Rh6xh3
21.Kg2 Qd8h4
22.Ne5g4 Ng3e2
23.Kf1 Rh3h1
24.Kxe2 Ra8e8
25.Ng4e5 Rh1h2
{ draw }
1/2-1/2

[Event "Tourn. n8130"]
[Site "www.chess-mail.com"]
[Date "2015.04.29"]
[Round "1"]
[White "Fangshuo"]
[Black "Falcoale"]
[WhiteElo "2040"]
[BlackElo "1990"]
[Result "1-0"]
[Round "1"]
1.e4 c5
2.d4 cxd4
3.Ng1f3 Nb8c6
4.Nf3xd4 e6
5.Bf1c4 a6
6.Nb1c3 Nc6e5
7.Bc4e2 Ng8f6
8.Bc1g5 h6
9.Bg5h4 Bf8e7
10.f4 Ne5g6
11.Bh4g3 O-O
12.O-O b5
13.f5 exf5
14.exf5 Ng6h8
15.Be2f3 d5
16.Nd4c6 Qd8b6
17.Kh1 Qb6xc6
18.Nc3xd5 Nf6xd5
19.Bf3xd5 Qc6b6
20.Bd5xa8 Bc8xf5
21.Rf1xf5 Rf8xa8
22.Qd1f3 Ra8f8
23.Bg3f2 Qb6e6
24.Ra1e1 Qe6xa2
25.Re1xe7 Qa2xb2
26.Qf3c6 Nh8g6
27.Re7e8 Qb2c1
28.Re8e1 Qc1a3
29.Bf2c5 Qa3c3
30.Re1f1 Ng6e5
31.Qc6d5 { resign }
1-0

[Event "Tourn. n8201"]
[Site "www.chess-mail.com"]
[Date "2015.04.29"]
[Round "1"]
[White "Fangshuo"]
[Black "Fred"]
[WhiteElo "2010"]
[BlackElo "1940"]
[Result "1-0"]
[Round "1"]
1.e4 e5
2.Ng1f3 Nb8c6
3.Bf1b5 d6
4.Bb5xc6 bxc6
5.c3 Bc8g4
6.d4 h6
7.Nb1d2 Ng8f6
8.Qd1a4 Qd8d7
9.dxe5 Bg4xf3
10.Nd2xf3 Nf6g4
11.O-O Bf8e7
12.Rf1d1 f6
13.e6 Qd7xe6
14.Qa4xc6 Kf7
15.Nf3d4 Ng4e5
16.Qc6xc7 Qe6g4
17.Bc1e3 Qg4xe4
18.Nd4b5 Rh8c8
19.Nb5xd6 Kg6
20.Nd6xc8 Be7f8
21.Rd1d8 Ne5g4
22.Rd8xf8 Ng4xe3
23.f3 Qe4e6
24.Nc8e7 Kh7
25.Rf8xa8 Qe6b6
26.Qc7xb6 axb6
27.Kf2 { resign }
1-0

[Event "Tourn. n7978"]
[Site "www.chess-mail.com"]
[Date "2015.04.29"]
[Round "1"]
[White "Falcoale"]
[Black "Traub"]
[WhiteElo "1870"]
[BlackElo "1850"]
[Result "0-1"]
[Round "1"]
1.e4 e5
2.Ng1f3 Nb8c6
3.Bf1c4 Bf8c5
4.Nf3xe5 Nc6xe5
5.Bc4b3 d6
6.d4 Bc5xd4
7.Qd1xd4 Ng8f6
8.Bc1g5 O-O
9.Nb1c3 h6
10.Bg5h4 c5
11.Qd4d2 a6
12.Nc3d5 Ne5d7
13.Qd2d3 Nd7e5
14.Nd5xf6 Qd8xf6
15.Bh4xf6 Ne5xd3
16.cxd3 gxf6
17.O-O Bc8e6
18.f4 Be6xb3
19.axb3 b5
20.Rf1f3 Kh7
21.Ra1f1 h5
22.f5 Kh6
23.Rf3h3 Rf8g8
24.Rh3e3 Rg8g5
25.d4 Ra8g8
26.dxc5 Rg5xg2
27.Kh1 Rg2xb2
28.cxd6 Rb2d2
29.Re3e1 Rg8g2
30.Rf1f3 Rg2xh2
31.Kg1 Rh2h4
32.Rf3g3 Rd2xd6
33.Re1e2 Rh4g4
34.Rg3xg4 hxg4
35.Kg2 Kg5
36.Re2a2 Kf4
37.Ra2e2 Rd6d3
38.b4 Rd3e3
39.Re2a2 Re3xe4
40.Ra2xa6 Kxf5
41.Ra6a7 Re4xb4
42.Ra7xf7 Kg6
{ resign }
0-1

[Event "Tourn. n8061"]
[Site "www.chess-mail.com"]
[Date "2015.04.29"]
[Round "1"]
[White "Obisporey"]
[Black "Seger"]
[WhiteElo "2450"]
[BlackElo "2640"]
[Result "0-1"]
[Round "1"]
1.e4 c5
2.Ng1f3 d6
3.d4 cxd4
4.Nf3xd4 Ng8f6
5.Nb1c3 Nb8c6
6.Bc1g5 e6
7.Qd1d2 Bf8e7
8.O-O-O O-O
9.Nd4b3 b6
10.Kb1 Bc8b7
11.f4 Nc6a5
12.Nb3xa5 bxa5
13.Bf1d3 h6
14.Bg5h4 Bb7c6
15.e5 dxe5
16.fxe5 Nf6d5
17.Bh4xe7 Nd5xe7
18.Nc3e4 Qd8d4
19.Qd2f4 Qd4b6
20.c3 a4
21.Ne4d6 Ra8b8
22.Qf4d2 Ne7c8
23.Nd6c4 Qb6c5
24.Rh1e1 Bc6d5
25.Qd2e3 Qc5b5
26.Qe3e2 Bd5xc4
27.Bd3xc4 Qb5c5
28.Rd1d4 Nc8e7
29.Qe2f2 Qc5a5
30.Kc1 a3
31.b4 Qa5c7
32.Qf2d2 Ne7f5
33.Rd4e4 Rf8d8
34.Qd2c2 a5
35.b5 Nf5e7
36.g3 Qc7c5
37.Re1d1 Rd8c8
38.Rd1d4 Ne7g6
39.Qc2d2 Ng6xe5
40.Qd2e3 Rb8xb5
41.Bc4xb5 Qc5xb5
42.Re4xe5 Qb5b2
43.Kd1 Rc8xc3
44.Qe3d2 Qb2b1
45.Ke2 Rc3c2
46.Qd2xc2 Qb1xc2
47.Rd4d2 Qc2c7
48.Re5e3 Qc7c5
49.h3 e5
50.g4 g6
51.Re3d3 e4
52.Rd3g3 Kg7
53.Kf1 Qc5c1
54.Ke2 Kf6
{ resign }
0-1

[Event "Tourn. n7884"]
[Site "www.chess-mail.com"]
[Date "2015.04.29"]
[Round "1"]
[White "Wegaman"]
[Black "Johnmcbride"]
[WhiteElo "1960"]
[BlackElo "1800"]
[Result "1/2-1/2"]
[Round "1"]
1.d4 d5
2.c4 c6
3.Nb1c3 e6
4.Ng1f3 Bf8d6
5.e4 a6
6.e5 Bd6b4
7.Bf1e2 h6
8.O-O Ng8e7
9.Qd1c2 O-O
10.a3 Bb4a5
11.b4 Ba5b6
12.c5 Bb6c7
13.Rf1e1 b5
14.Qc2d3 Ne7f5
15.Be2d1 a5
16.Bc1b2 a4
17.Bd1c2 Bc8d7
18.g4 g6
19.gxf5 exf5
20.Kh1 Bd7e6
21.Re1g1 Qd8d7
22.Nf3h4 Kg7
23.Nc3e2 g5
24.Ne2f4 Kh8
25.Nh4g6 fxg6
26.Nf4xg6 Kg8
27.Ng6xf8 Kxf8
28.Bb2c1 Bc7d8
29.Qd3h3 Qd7g7
30.Qh3h5 Ra8a7
31.Bc1d2 Be6f7
32.Qh5e2 Bf7g6
33.Qe2f3 g4
34.Rg1xg4 Ke8
35.Bc2xf5 Bg6h5
36.Ra1g1 Bh5xg4
37.Rg1xg4 Bd8g5
38.Bd2xg5 hxg5
39.Qf3e3 Qg7h6
40.Qe3xg5 Qh6xg5
41.Rg4xg5 Nb8a6
42.Rg5g6 Ra7f7
43.Rg6xc6 Rf7xf5
44.Rc6xa6 Rf5xf2
45.Ra6d6 Rf2a2
46.c6 Ra2c2
47.h4 Kf8
48.e6 Ke7
49.Rd6xd5 Rc2xc6
50.Rd5xb5 Rc6xe6
51.Rb5a5 Re6e1
52.Kg2 Re1d1
53.d5 Kd6
54.Kg3 Rd1d3
55.Kf4 Rd3xa3
56.h5 Ra3a1
57.Kg5 a3
58.h6 a2
59.h7 Ra1g1
60.Kh6 Rg1h1
61.Kg7 Rh1g1
62.Kf8 Rg1f1
63.Kg7 Rf1g1
{ draw }
1/2-1/2

[Event "Tourn. n8214"]
[Site "www.chess-mail.com"]
[Date "2015.04.29"]
[Round "1"]
[White "Goga"]
[Black "Xkafi"]
[WhiteElo "1990"]
[BlackElo "1960"]
[Result "1-0"]
[Round "1"]
1.d4 d5
2.c4 b6
3.Nb1c3 dxc4
4.e4 Bc8a6
5.Ng1f3 f6
6.b3 cxb3
7.Bf1xa6 Nb8xa6
8.Qd1xb3 c5
9.Qb3b5 Qd8d7
10.Qb5xa6 cxd4
11.Nc3d5 e6
12.Nd5xb6 axb6
13.Qa6xa8 Kf7
14.Bc1a3 Bf8c5
15.O-O h5
16.Ba3xc5 bxc5
17.Ra1b1 Kg6
18.Rb1b7 Qd7d6
19.Qa8e8 Kh6
20.Nf3h4 { resign }
1-0

[Event "Tourn. n8159"]
[Site "www.chess-mail.com"]
[Date "2015.04.29"]
[Round "1"]
[White "Oliverio"]
[Black "Vinvangogh"]
[WhiteElo "1590"]
[BlackElo "1510"]
[Result "1-0"]
[Round "1"]
1.c4 e5
2.Nb1c3 Bf8b4
3.Nc3d5 Ng8f6
4.Nd5xb4 Nb8a6
5.Nb4xa6 bxa6
6.d4 e4
7.Bc1g5 Bc8b7
8.e3 O-O
9.g3 d5
10.c5 h6
11.Bg5f4 h5
12.Bf4g5 Ra8b8
13.Bg5xf6 Qd8xf6
14.Qd1xh5 g6
15.Qh5d1 Bb7c6
16.Qd1d2 g5
17.Bf1e2 Bc6b5
18.h4 gxh4
19.Rh1xh4 Kg7
20.Rh4g4 Kh7
21.Be2xb5 axb5
22.f3 exf3
23.Qd2h2 Qf6h6
24.Rg4h4 Qh6xh4
25.Qh2xh4 Kg7
26.Qh4g5 Kh7
27.Qg5f6 Rb8e8
28.Qf6f5 Kg8
29.Ng1xf3 Re8xe3
30.Kf2 Rf8e8
31.Nf3e5 f6
32.Qf5g6 Kf8
33.Qg6f7 { resign }
1-0

[Event "Tourn. n8152"]
[Site "www.chess-mail.com"]
[Date "2015.04.29"]
[Round "1"]
[White "Piwi123"]
[Black "Hali"]
[WhiteElo "2090"]
[BlackElo "2150"]
[Result "1-0"]
[Round "1"]
1.e4 c5
2.Nb1c3 g6
3.Ng1f3 Bf8g7
4.d4 cxd4
5.Nf3xd4 Nb8c6
6.Bc1e3 Ng8f6
7.Bf1c4 O-O
8.O-O Nc6a5
9.Bc4e2 d6
10.Qd1d2 Nf6g4
11.Be3g5 h6
12.Bg5h4 a6
13.Nc3d5 g5
14.Bh4g3 Ng4f6
15.Nd5xf6 Bg7xf6
16.Ra1d1 Qd8c7
17.b3 Na5c6
18.c3 b5
19.f4 Qc7b6
20.Bg3f2 Nc6xd4
21.cxd4 Bc8b7
22.e5 dxe5
23.dxe5 { resign }
1-0

[Event "Match"]
[Site "www.echecsemail.com"]
[Date "2015.04.29"]
[Round "1"]
[White "Ketchuplover"]
[Black "Billyg"]
[WhiteElo "1940"]
[BlackElo "1620"]
[Result "1-0"]
[Round "1"]
1.g3 d5
2.Bf1g2 e5
3.d3 d4
4.Ng1f3 Bf8d6
5.O-O h6
6.c3 dxc3
7.Nb1xc3 Ng8f6
8.b3 O-O
9.Bc1b2 a6
10.a3 Rf8e8
11.Ra1c1 Nf6g4
12.Nc3e4 Nb8c6
13.Ne4xd6 Re8e6
14.Nd6xc8 Ra8xc8
15.h3 Ng4f6
16.e4 Qd8e7
17.Nf3d2 Rc8d8
18.Qd1c2 Rd8d7
19.f4 b6
20.Rf1f3 exf4
21.gxf4 Nc6d4
22.Bb2xd4 c5
23.Bd4b2 Nf6e8
24.f5 Re6d6
25.Nd2c4 Rd6xd3
26.Rf3xd3 Rd7xd3
27.Qc2xd3 Ne8f6
28.Qd3d6 { resign }
1-0

[Event "Match"]
[Site "www.echecsemail.com"]
[Date "2015.04.29"]
[Round "1"]
[White "Generalfree"]
[Black "Rob33"]
[WhiteElo "1900"]
[BlackElo "1840"]
[Result "1-0"]
[Round "1"]
1.e4 e5
2.Ng1f3 Nb8c6
3.Bf1b5 Ng8f6
4.Bb5xc6 dxc6
5.Nf3xe5 Qd8e7
6.d4 Nf6xe4
7.O-O c5
8.Qd1d3 Bc8f5
9.Qd3b5 Bf5d7
10.Qb5xb7 Ra8d8
11.Qb7xe4 Bd7b5
12.Rf1e1 cxd4
13.Ne5c6 f5
14.Qe4xe7 Bf8xe7
15.Nc6xe7 Rd8d7
16.Ne7g6 { resign }
1-0

[Event "Match"]
[Site "www.echecsemail.com"]
[Date "2015.04.29"]
[Round "1"]
[White "Nestor"]
[Black "F14"]
[WhiteElo "2170"]
[BlackElo "1860"]
[Result "0-1"]
[Round "1"]
1.e4 c5
2.Ng1f3 Nb8c6
3.d4 cxd4
4.Nf3xd4 d6
5.Bf1c4 Ng8f6
6.O-O Qd8c7
7.Bc1g5 Nc6e5
8.Bc4b3 Ne5c4
9.Nb1c3 Nc4xb2
10.Qd1f3 Nb2c4
11.Nc3b5 Qc7c5
12.Bb3a4 Bc8d7
13.Rf1d1 a6
14.Bg5xf6 axb5
15.Bf6xg7 Bf8xg7
16.Ba4xb5 Bg7xd4
17.Bb5xd7 Kxd7
18.Qf3xf7 Ra8f8
{ resign }
0-1

[Event "Match"]
[Site "www.echecsemail.com"]
[Date "2015.04.29"]
[Round "1"]
[White "Micheles"]
[Black "Rasko90"]
[WhiteElo "2570"]
[BlackElo "1809"]
[Result "1-0"]
[Round "1"]
1.d4 Ng8f6
2.Ng1f3 e6
3.Bc1g5 c5
4.e3 Qd8b6
5.Qd1c1 Nf6e4
6.Bg5f4 Nb8c6
7.c3 d5
8.Nb1d2  { time }
1-0

[Event "Match"]
[Site "www.echecsemail.com"]
[Date "2015.04.29"]
[Round "1"]
[White "Osmund"]
[Black "Swampcat"]
[WhiteElo "1529"]
[BlackElo "1480"]
[Result "0-1"]
[Round "1"]
1.d4 d5
2.Bc1d2 c5
3.Ng1f3 Nb8c6
4.dxc5 e5
5.Bd2g5 Bf8e7
6.Qd1d2 Ng8f6
7.Nb1c3 d4
8.Nc3b5 Be7xc5
9.c3 O-O
10.cxd4 Nc6xd4
11.b4 Bc5xb4
12.Qd2xb4 Nd4c2

0-1

[Event "Match"]
[Site "www.echecsemail.com"]
[Date "2015.04.29"]
[Round "1"]
[White "Andradamaria"]
[Black "Roqueur"]
[WhiteElo "2249"]
[BlackElo "2630"]
[Result "0-1"]
[Round "1"]
1.d4 Ng8f6
2.c4 e6
3.Ng1f3 d5
4.Nb1c3 c6
5.e3 Nb8d7
6.cxd5 exd5
7.Bf1d3 Bf8d6
8.O-O O-O
9.a3 Rf8e8
10.Qd1c2 Qd8e7
11.Nf3h4 g6
12.g3 Nd7f8
13.Rf1e1 Bc8h3
14.Bd3f1 Bh3xf1
15.Re1xf1 Nf8e6
16.Nh4f3 Ne6g7
17.Rf1e1 Qe7e6
18.Qc2d1 Ra8d8
19.Nf3g5 Qe6f5
20.Ng5f3 Ng7e6
21.Nf3h4 Qf5h3
22.Qd1f3 Nf6g4
23.Qf3g2 Qh3xg2
24.Nh4xg2 Ne6g5
25.Ng2h4 Ng5h3
{ resign }
0-1

[Event "Match"]
[Site "www.echecsemail.com"]
[Date "2015.04.29"]
[Round "1"]
[White "Ketchuplover"]
[Black "Norwich"]
[WhiteElo "1940"]
[BlackElo "1670"]
[Result "1/2-1/2"]
[Round "1"]
1.c4 g6
2.g3 Bf8g7
3.Bf1g2 c5
4.Ng1f3 Nb8c6
5.O-O e5
6.Nb1c3 d6
7.b3 Ng8e7
8.e4 O-O
9.Bc1b2 Bc8g4
10.h3 Bg4xf3
11.Bg2xf3 Nc6d4
12.Nc3d5 Ne7xd5
13.Bb2xd4 exd4
14.exd5 Rf8e8
15.d3 Qd8c7
16.Qd1d2 a6
17.a4 Re8e7
18.Rf1e1 Ra8e8
19.a5 { draw }
1/2-1/2

[Event "Match"]
[Site "www.echecsemail.com"]
[Date "2015.04.29"]
[Round "1"]
[White "Vinvangogh"]
[Black "Luzhin"]
[WhiteElo "1550"]
[BlackElo "2210"]
[Result "0-1"]
[Round "1"]
1.e4 e5
2.Ng1f3 Ng8f6
3.Bf1d3 Nb8c6
4.O-O Bf8c5
5.Nf3g5 O-O
6.Nb1c3 a6
7.Nc3d5 Nf6xd5
8.exd5 Qd8xg5
9.g3 Nc6d4
10.Bd3c4 d6
11.h4 Qg5f5
12.f3 Nd4e2
13.Kh2 Ne2xc1
14.Kh1 Nc1e2
15.Qd1xe2 Qf5xc2
16.h5 Qc2xb2
{ resign }
0-1